书目信息 |
| 题名: |
三国趣读
|
|
| 作者: | 江涛 著 | |
| 分册: | ||
| 出版信息: | 北京 中国文史出版社 2019 |
|
| 页数: | 294页 | |
| 开本: | 24cm | |
| 丛书名: | ||
| 单 册: | ||
| 中图分类: | K236.09 | |
| 科图分类: | ||
| 主题词: | 古代史--gu dai shi--中国--三国时代--通俗读物 | |
| 电子资源: | ||
| ISBN: | 978-7-5205-0151-4 | |
| 000 | 00846nam0 2200241 450 | |
| 001 | 2159244398 | |
| 005 | 20210926145313.0 | |
| 010 | @a978-7-5205-0151-4@dCNY49.80 | |
| 100 | @a20181220d2019 em y0chiy0120 ea | |
| 101 | 0 | @achi |
| 102 | @aCN@b110000 | |
| 105 | @aa z 000yy | |
| 106 | @ar | |
| 200 | 1 | @a三国趣读@Asan guo qu du@e图文典藏版@f江涛著 |
| 210 | @a北京@c中国文史出版社@d2019 | |
| 215 | @a294页@c图@d24cm | |
| 314 | @a江涛,男,浙江平阳人,浙江旅游职业学院副教授,省旅游精品课程负责人。现主要研究旅游和历史相关的课题。 | |
| 330 | @a本书共12章,主要内容包括:三国帝王事,得失寸心知;胸怀天下、心怀百姓的好官;阴谋、阳谋,明争与暗斗等。 | |
| 606 | 0 | @a古代史@Agu dai shi@y中国@z三国时代@j通俗读物 |
| 690 | @aK236.09@v5 | |
| 701 | 0 | @a江涛@Ajiang tao@4著 |
| 801 | 0 | @aCN@b百万庄@c20210926 |
| 905 | @b1299020-23@dK236.09@e144@f4 | |
| 三国趣读:图文典藏版/江涛著.-北京:中国文史出版社,2019 |
| 294页:图;24cm |
| ISBN 978-7-5205-0151-4:CNY49.80 |
| 本书共12章,主要内容包括:三国帝王事,得失寸心知;胸怀天下、心怀百姓的好官;阴谋、阳谋,明争与暗斗等。 |
| ● |
| 相关链接 |
|
|
|
|
正题名:三国趣读
索取号:K236.09/144
 
预约/预借
| 序号 | 登录号 | 条形码 | 馆藏地/架位号 | 状态 | 备注 |
| 1 | 1299020 | 212990209 | 第二样本阅览室/ [索取号:K236.09/144] | 在馆 | |
| 2 | 1299021 | 212990218 | 第二借阅区/ [索取号:K236.09/144] | 在馆 | |
| 3 | 1299022 | 212990227 | 第二借阅区/ [索取号:K236.09/144] | 在馆 | |
| 4 | 1299023 | 212990236 | 第二借阅区/ [索取号:K236.09/144] | 在馆 |